Städte am Po - Statistiken

Allgemein
  • Dieses Quiz wurde 18 mal gespielt
  • Das Durchschnittsergebnis liegt bei 2 aus 7
Antwortstatistiken
Bildquiz Hint Antwort % Korrekt
848.748 Einwohner, Piemont Turin
100%
129.872 Einwohner, Emilia-Romagna Ferrara
24%
102.364 Einwohner, Emilia-Romagna Piacenza
24%
70.841 Einwohner, Lombardei Cremona
18%
32.399 Einwohner, Piemont Casale Monferrato
6%
56.193 Einwohner, Piemont Moncalieri
6%
46.056 Einwohner, Piemont Settimo Torinese
6%
Keine übereinstimmenden Quizze gefunden
Verteilung der Resultate
Anzahl Personen mit jedem Resultat
Perzentil nach korrekt beantworteten Fragen
Ihre Resultats-Entwicklung
Sie haben dieses Quiz noch nicht gespielt